1077 1337 1257 1525 1437 1389 1698 1599 1452 1819 1591 1358 1779 1889 1020 1953 1848 1071 1071 1375 1589 1891 1963 1536 1838 1680 1543 1552 1443 1000 1461 1562 1243 1414 1229 1824 1553 1104 1202 1931 1996 1469 1647 1860 1461 1555 1814 1230 1750 1371 1433 1798 1909 1503 1543 1152 1043 1077 1643 1781 1798 1026 1453 1668 1902 1182 1234 1322 1883 1254 1258 1965 1027 1992 1980 1775 1108 1389 1057 1765 1096 1294 1928 1473 1440 1235 1133 2000 1242 1832 1764 2000 1407 1434 1446 1424 1146 1873 1334 BCNSPRNW ULIB Ver.6.0+V

เปลี่ยนเป็นภาษาไทย

Change to English
 แสดงรายละเอียดบรรณานุกรม
  กลับหน้าหลัก

Brief Record : Get Marc (ISO 2709) : E-mail record : QR code < ปิดหน้าต่าง
LEADER : 00000nam 2200000uu 4500
001    13399121519
003     ULIB
008    121122s2537||||th 000 0 tha d
099    ^aวพ.W4^bท224ก
100 0  ^aทวีวรรณ ศรีสุขคำ
245 10 ^aการตายของทารกปริกำเนิดในมารดาครรภ์เดี่ยวที่คลอดในโรงพยาบาล ในจังหวัดเพชรบูรณ์ ปี พ.ศ. 2535-2536 =^bPerinatal mortality of singleton pregnangy at hospitals in Petchaboon province : 1992-1993 /^cทวีวรรณ ศรีสุขคำ
246 31 ^aPerinatal mortality of singleton pregnangy at hospitals in Petchaboon province : 1992-1993
260    ^a^c2537
300    ^aก-ช, 140 แผ่น :^bภาพประกอบ ;^c30 ซม.
500    ^aSend to Single Search
502    ^aวิทยานิพนธ์ (วท.ม. (การเจริญพันธุ์และวางแผนประชากร))--มหาวิทยาลัยมหิดล, 2537
610 24 ^aมหาวิทยาลัยมหิดล^xวิทยานิพนธ์
610 24 ^aมหาวิทยาลัยมหิดล. ^bคณะแพทยศาสตร์โรงพยาบาลรามาธิบดี ^xวิทยานิพนธ์
650  4 ^aปริทารกวิทยา
650  4 ^aอนามัยแม่และเด็ก, การบริการ
650  4 ^aอัตราตายของทารก
691    ^aวท.ม. (2537)
692    ^aการเจริญพันธุ์และวางแผนประชากร (มหาวิทยาลัยมหิดล 2537)
700 0  ^aสมศักดิ์ สุทัศน์วรวุฒิ,^eที่ปรึกษา
700 0  ^aวงเดือน ปั้นดี,^eที่ปรึกษา
700 0  ^aธวัช เจตน์สว่างศรี,^eที่ปรึกษา
710 2  ^aมหาวิทยาลัยมหิดล
710 2  ^aมหาวิทยาลัยมหิดล. ^bคณะแพทยศาสตร์โรงพยาบาลรามาธิบดี
710 22 ^aมหาวิทยาลัยมหิดล.^tวิทยานิพนธ์
710 22 ^aMahidol University.^tThesis
945    ^p0^l0^i033132
995    เกษร
999    ^aใช้งานได้ทุกระบบ
รายการนี้ยังไม่มีแท็ก
คุณยังไม่ได้ล็อกอิน คุณสามารถมีกิจกรรมร่วมกับเว็บไซต์ได้ แต่ต้องล็อกอินก่อน ::
  ล็อกอิน

รายการสื่อสารสนเทศ

ลำดับที่ ประเภท เลขเรียก/บาร์โค้ด สถานที่ สถานะ
1. วิทยานิพนธ์
วิทยานิพนธ์
วพ.W4 ท224ก  
  Barcode: 033132
ห้องสมุดวิทยาเขตสวรรค์ประชารักษ์
►วิจัย
บนชั้น

รายการใกล้เคียง
    ผู้แต่ง [ทวีวรรณ ศรีสุขคำ]

    หัวเรื่อง [ปริทารกวิทยา]

BibComment


ยังไม่เคยถูกคอมเมนท์

คอมเมนท์ทรัพยากรรายการนี้
  คอมเมนท์: การตายของทารกปริ..


 Copyright 2026. Bcnsprnw @Library